000 01172nam a22002417a 4500
999 _c1714
_d1714
003 CoMeUDC
005 20230601164447.0
008 230601b ||||| |||| 00| 0 eng d
020 _a9580711739
020 _a9580708681 (obra completa)
040 _cCO-UdeC
_dCO-UdeC
_eISBD
_eRCAA
082 _a540
_bR436
100 _92374
_aRestrepo Merino, Fabio
245 _aHola, química :
_btomo 2 /
_cFabio Restrepo Merino, Jairo Restrepo Merino.
260 _aMedellín :
_bSusaeta ediciones,
_c2003.
300 _a362 p. ;
_bcol,
_c25 cm.
504 _aIncluye bibliografía.
505 _aLoe metales -- Los no metales y los metaloides -- Los compuestos orgánicos -- Los hidrocarburos alifáticos -- Los hidrocarburos aromáticos -- El petróleo y el gas natural -- Los alcoholes, fenoles y éteres -- Los aldehídos y las cetonas -- Los ácidos carboxílicos y los lípidos -- La isomería óptica y los carbohidratos -- Aminas, Aminoácidos y proteínas -- Nociones de bioquímica -- Plásticos, colorantes y otros materiales -- Química nuclear
546 _aEspañol.
650 0 _91410
_aQuímica
700 _92376
_aRestrepo Merino, Jairo
942 _2ddc
_cBK